Political thought since 1945 : philosophy, science, ideology

Αποθηκεύτηκε σε:
Λεπτομέρειες βιβλιογραφικής εγγραφής
Άλλοι συγγραφείς: Tivey, Leonard Jame 1926- (Επιμελητής έκδοσης), Wright, Anthony (Επιμελητής έκδοσης)
Μορφή: Βιβλίο
Γλώσσα:English
Δημοσίευση: Aldershot : Edward Elgar, 1992
Θέματα:
Ετικέτες: Προσθήκη ετικέτας
Δεν υπάρχουν, Καταχωρήστε ετικέτα πρώτοι!

MARC

LEADER 00000nam a2200000 i 4500
001 1/11545
008 980522s1992 eng d
020 |a 1-85278-311-7 
035 |l 10018292 
040 |a GR-MY-UA  |b gre  |e aacr 
041 0 |a eng 
082 0 |a 320.50904 
245 1 0 |a Political thought since 1945 :  |b philosophy, science, ideology /  |c Edited by Leonard Tivey and Anthony Wright 
260 |a Aldershot :   |b Edward Elgar,   |c 1992 
300 |a 222 p. 
504 |a Includes index 
650 0 0 |a Political science  |x History  |y 20th century. 
700 1 |a Tivey, Leonard Jame  |d 1926-  |4 edt 
700 1 |a Wright, Anthony.  |4 edt 
852 |a INST  |b LESVOS  |e 19980522  |h 320.50904 POL  |p 005100014550  |q 005100014550  |t BK  |y 0 
901 |a BIBL-1998-2 
909 |a Λ  |b 056664 
922 |a 1ΕΛΗ  |b 199805  |c ΚΠΣ/ΑΝΑΝΙΑΔΗΣ  |d ΠΑΠΑΣΩΤΗΡΙΟΥ 
950 |a 145/1996-02-06